10 Największych Miast USA - Statystyki

Ogólne statystyki
  • Ten quiz został rozwiązany 417 razy
  • Średni wynik to 5 z 10
Statystyki odpowiedzi
Ludność (mln) Miasto % Poprawnych
8,3 Nowy Jork
99%
4 Los Angeles
89%
2,7 Chicago
78%
1,3 Dallas
45%
2,3 Houston
40%
1,6 Filadelfia
34%
1,7 Phoenix
30%
1,4 San Diego
29%
1,5 San Antonio
23%
1 San Jose
10%
Nie znaleziono quizów pasujących do podanych kryteriów
Rozkład punktacji
Procent ludzi z każdym wynikiem
Percentyl według liczby udzielonych odpowiedzi
Twoja historia wyników
Nie rozwiązałeś tego quizu